Statistiques concernant Quiz fun 2.0

Cliquez ici pour prendre le quiz!

Statistiques générales

  • Ce quiz a été pris 34 fois
  • Le résultat moyen est 7 sur 15

Statistiques - réponses

QuestionRéponse% Correct
Qui va constamment chier avant les cours ?Corentin
83%
Quelle la dernière fois que Nicolas a parlé du Cher ?oral avec bobo (oui il a osé)
80%
La cible pref de patou :Gladys
63%
Qui conduit comme un pied ?Jad
57%
Qui envoie le plus de messages privés à Laurent ?Mathieu
53%
Qui râle le plus ?RoseMarie
53%
Qui est déjà arrivé bourré en cours (vin et anxiolytiques)Sarah et Laura
53%
Qui a déjà cohabité avec des moustiques ?Etienne
47%
Le meilleur technicien informatique?Laurent
47%
Qui porte des ballerinesGladys
40%
Qui s'est endormi en contrôle d'AnglaisMarie
40%
Qui boycott le CROUS (honte à elle) ?Andréa
30%
Qui aime un peu trop le léopard ?Marie
27%
Depuis quand Pierre a arrêté de mettre des jogging ?1er janvier 2022
10%
Qui a traité ouvertement et publiquement les stagiaires de l'INET de vieux ?Pierre Deleage
10%

Distribution des résultats

Percentile par nombre de réponses

% des personnes avec chaque résultat

Votre développement - résultats

Vous n’avez pas pris ce quiz